Acoustique et optique des salles de réunions publiques, théatres et amphithéatres, spectacles, concerts, etc. (Record no. 156836)
[ view plain ]
| 000 -LEADER | |
|---|---|
| campo de control de longitud fija | 00967nam a22001935i 4500 |
| 001 - NÚMERO DE CONTROL | |
| campo de control | 156836 |
| 003 - IDENTIFICADOR DE NÚMERO DE CONTROL | |
| campo de control | ES-MaACL |
| 005 - FECHA Y HORA DE LA ÚLTIMA TRANSACCIÓN | |
| campo de control | 20230906210517.0 |
| 008 - DATOS DE LONGITUD FIJA--INFORMACIÓN GENERAL | |
| campo de control de longitud fija | 040805s1848 fr a |||| | fre d |
| 040 ## - FUENTE DE CATALOGACIÓN | |
| Centro catalogador/agencia de origen | CAM |
| Lengua de catalogación | spa |
| Centro/agencia transcriptor | CAM |
| 100 1# - ENTRADA PRINCIPAL--NOMBRE DE PERSONA | |
| Nombre de persona | Lachèz, Théodore. |
| 9 (RLIN) | 128559 |
| 245 10 - MENCIÓN DEL TÍTULO | |
| Título | Acoustique et optique des salles de réunions publiques, théatres et amphithéatres, spectacles, concerts, etc. |
| Resto del título | : suivies d'unprojet de salle d'assemblée constituante pour neuf cents membres (accompagnée de trois planches gravées sur ouivre) / |
| Mención de responsabilidad, etc. | par Théodore Lachèz. |
| 260 ## - PUBLICACIÓN, DISTRIBUCIÓN, ETC. | |
| Lugar de publicación, distribución, etc. | Paris : |
| Nombre del editor, distribuidor, etc. | l'auteur : |
| -- | Lemoine libraire, |
| Fecha de publicación, distribución, etc. | 1848 ( |
| Fabricante | Imprimerie d'E. Duverger) |
| 300 ## - DESCRIPCIÓN FÍSICA | |
| Extensión | 137 p., [3] h. pleg. de lám. ; |
| Dimensiones | 21 cm. |
| 599 ## - NOTA A LAS ILUSTRACIONES | |
| NOTA A LAS ILUSTRACIONES | Las h. de lám. pleg. grab. calc. sobre teatros, anfiteatros y salas de reuniones. |
| 650 #4 - PUNTO DE ACCESO ADICIONAL DE MATERIA--TÉRMINO DE MATERIA | |
| Término de materia o nombre geográfico como elemento de entrada | Acústica. |
| 9 (RLIN) | 135495 |
| 650 #4 - PUNTO DE ACCESO ADICIONAL DE MATERIA--TÉRMINO DE MATERIA | |
| Término de materia o nombre geográfico como elemento de entrada | Optica. |
| 9 (RLIN) | 15726 |
| 852 ## - LOCALIZACIÓN | |
| Ubicación | ES-MaACL |
| Número de control de estantería | R-1370(5) |
| Nota libre | -- Enc. hol. |
| -- | -- Enc. en un vol. facticio |
| -- | .- Donat. Mateo Seoane |
| Estatus retirado | Estado de pérdida | Estado de daño | No para préstamo | Colección | Biblioteca de origen | Biblioteca actual | Ubicación en estantería | Fecha de adquisición | Total de préstamos | Signatura topográfica completa | Código de barras | Visto por última vez | Precio de reemplazo | Tipo de ítem Koha |
|---|---|---|---|---|---|---|---|---|---|---|---|---|---|---|
| Libros del s. XIX | Biblioteca del Ateneo de Madrid | Biblioteca del Ateneo de Madrid | Depósito | 17/01/2008 | R-1370(5) | 1164091 | 23/02/2023 | 23/02/2023 | Libro impreso antiguo |
